If These Movies Were Musicals Quiz Stats

Quiz Updated Dec 5, 2015

Challenge
Share
Tweet
Embed
Score 0/20 Timer 06:00
15 Plays Today
Songs Movie % Correct
A TIE fighter Is Like Kissing Your Sister
That Carpet's Made for Walking
On the Star System Where You Live
We're All Fine Here, How Are You?
Star Wars
82.2%
D'oh!-Re-Me
Represent, FEMA
The Spider-pig Song
Under the Dome
The Simpsons Movie
76%
Sit Down You're Sinkin' the (Bigger) Boat
Turn Back, O Fin
False Alarms and Empty Beaches
Show Me the Way to Go Home
Jaws
75.5%
I'm Gonna Wash that Slime Right Outta My Tank
Bring Him Home
Mine!, Mine!, Mine!
There's One More Angelfish in Heaven
Finding Nemo
73.6%
Close Every Bank to Me
The Angel and I
Every Time a Bell Rings
You're a Good Man, George Bailey
It's a Wonderful Life
71.9%
Shall We Mambo?
I've Got a Lovely Bunch of Watermelons
Hello, Young Lovers
Baby in a Corner
Dirty Dancing
71.4%
Goodbye Until Tomorrow
One More Day
Another Day (Reprise)
Ode to Punxatawney
Groundhog Day
70.4%
Ain't Misbe-HIVE-ing
And All That Buzz
A Honey of a Lawyer
I'd Sting Anything
Bee Movie
69.9%
Give My Regards to the Loading Dock
The Dino with the Plates on Top
Gennaro's Lament
As If We Never Went Extinct
Jurassic Park
69.8%
Locket of Love
On My Own
Go, Go, Go, Wilson
No One Is Alone
Cast Away
66.5%
Songs Movie % Correct
Oklahoma!
They Call the Wind Tornado
We've Got Cows!
Fly, Dorothy, Fly
Twister
56.6%
The Internet Is For War
How About a Nice Game of Chess?
No One Wins
Sophisticated WOPR
Wargames
51.7%
My Favorite Ping (One Ping Only)
Russians
Commie Newspapers
Yellow (Stolen) Submarine
The Hunt for Red October
49.6%
Number One Fan
If I Had a (Sledge) Hammer
Paperback Writer
Light My Fire
Misery
48.9%
Strike Up the Band
Spontaneous Human Combustion
Another One Bites the Dust
Goes to Eleven
This Is Spın̈al Tap
45.3%
Get Me to the Roof On Time
Give My Regards to Nakatomi
I Ain't Dead Yet
I'll Be Home For Christmas
Die Hard
41.5%
Hey, Officer Edwards
Memory (Flashy Thing)
Any Spacecraft Will Do
Down the Interstellar Cockroach
Men in Black
40.7%
Defying Gravity
Stir the Tanks
Use What You Got
Heat Shield on My Mind
Apollo 13
33.2%
A Home For You
All Wet and No Fun
The Midnight Snack
Ya Got Trouble
Gremlins
32.9%
Commando's Hideaway
Send in the Clowns
12 Angry Men
Felons in Fatigues
The Dirty Dozen
11.4%

You're not logged in!

Compare scores with friends on all Sporcle quizzes.
Join for Free
OR
Log In

You Might Also Like...

Show Comments

Extras

Top Quizzes Today


Score Distribution

Your Account Isn't Verified!

In order to create a playlist on Sporcle, you need to verify the email address you used during registration. Go to your Sporcle Settings to finish the process.

Report this User

Report this user for behavior that violates our Community Guidelines.

Details: